Antigüedad y tiempos medievales /

Guardado en:
Autor Principal: Etchart, Martha B.
Formato: Libro
Publicado: Buenos Aires : Cesarini, 1980
Etiquetas: Agregar Etiqueta
Sin Etiquetas, Sea el primero en etiquetar este registro!
LEADER 00422nam a22001455a 4500
001 CEM.cems002353
005 20060217000000.0
008 130507s1980##################000#0#####d
003 CEMS
082 0 4 |a 930 
100 1 |a Etchart, Martha B. 
245 1 0 |a Antigüedad y tiempos medievales /  |c Martha B. Etchart 
260 |a Buenos Aires :  |b Cesarini,  |c 1980 
300 |a 4081 p. 
859 |a CEMS  |b BIB. CEMS - 11 de abril  |h 930  |i ET18  |p 13041.84  |t Ej.1